000
00241nam a2200109Ia 4500
008
200302s9999 xx 000 0 und d
100
_a
Cocinas
245
_a
Kichens Bathrooms
260
_b
Idea Books Ltd.
260
_c
2000
300
_a
162 P.,
999
_c
1527
_d
1527